00973 2200325 4500001002100000005001500021035002000036007000300056008004100059020002200100040002200122082001400144084001600158090002000174090002200194100002900216245009400245250002600339300005400365500001100419650001200430700003400442850001200476264004100488336002100529337003000550338002300580999002200603990002200625INLIS00000000085391320200204110018 a0010-0220000083ta200204s2018 yoia g 1 ind d a978-623-7254-33-1 aYOPDYOGbinderda04223a641.5 a641.5 TUT k aDEP 641.5 TUT k aCB-D.11 2018-34910 aTuti Tresnawatiepenulis10aKue rempah rasa mewah :bcookies & cake /cTuti Tresnawati; penyunting, Tika Yuitaningrum aCetakan pertama, 2018 a52 halaman :bilustrasi, gambar berwarna ;c25 cm aIndeks 4aMasakan0 aTika Yuitaningrumepenyunting aYOPDYOG34aYogyakarta :bMedia Pressindo,c2018 2rdacontentateks 2rdamediaatanpa perantara 2rdacarrieravolume aCB-D.11/2018-3491 aCB-D.11/2018-3491